Aemilius Paullus, conqueror of Greece /

Bibliographic Details
Main Author: Reiter, William
Format: Book
Language:English
Published: London ; New York : Croom Helm, [1988]
Subjects:

MARC

Tag First Indicator Second Indicator Subfields
LEADER 00000cam a2200000 a 4500
001 in00000020716
005 20151007055441.0
008 870908s1988 enk b 00110 eng
010 |a  87026453  
020 |a 0709942850 
035 |a (OCoLC)16830796 
035 |9 AAB8279AM 
040 |a DLC  |c DLC  |d TXA  |d UtOrBLW 
043 |a e-it---  |a e-gr--- 
049 |a TXAM  |c [A11507208] 
050 0 0 |a DG253.P38  |b R45 1988 
082 0 |a 937/.04/0924  |a B  |2 19 
100 1 |a Reiter, William. 
245 1 0 |a Aemilius Paullus, conqueror of Greece /  |c William Reiter. 
264 1 |a London ;  |a New York :  |b Croom Helm,  |c [1988] 
264 4 |c ©1988 
300 |a 171 pages ;  |c 23 cm. 
336 |a text  |b txt  |2 rdacontent 
337 |a unmediated  |b n  |2 rdamedia 
338 |a volume  |b nc  |2 rdacarrier 
504 |a Bibliography: pages [163]-168. 
500 |a Includes indexes. 
600 1 0 |a Paullus, Lucius Aemilius,  |d approximately 229 B.C.-160 B.C. 
651 0 |a Rome  |x History  |y Republic, 265-30 B.C.  |x Historiography. 
651 0 |a Greece  |x History  |y 281-146 B.C.  |x Historiography. 
650 0 |a Statesmen  |z Rome  |v Biography. 
650 0 |a Generals  |z Rome  |v Biography. 
999 |a MARS 
999 f f |s 57c97975-b653-392c-bdce-26bf3ae3db01  |i cb92193f-6302-3529-acbd-c490dc4a4228  |t 0 
952 f f |p normal  |a Texas A&M University  |b College Station  |c Sterling C. Evans Library  |d Evans: Library Stacks  |t 0  |e DG253.P38 R45 1988  |h Library of Congress classification  |i unmediated -- volume  |m A14811507208 
998 f f |a DG253.P38 R45 1988  |t 0  |l Evans: Library Stacks